000 00310nam a2200121Ia 4500
005 20251222144740.0
008 251222s9999||||xx |||||||||||||| ||spa||
082 _a869.561/A39N
100 _aAlegría, Ciro
245 0 _aNovelas y Cuentos
264 _bPontificia Universidad Católica Del Perú
942 _cLIB
999 _c18929
_d18929